000 00435nam a22001577a 4500
999 _c3442
_d3442
008 200615b ||||| |||| 00| 0 eng d
020 _a9780713667332
082 0 0 _a623.87
_bE532
100 _9934
_aEmbleton, William
245 1 0 _aReed's Vol. 3 : applied heat for engineering /
_cby William Embleton
250 _a4th ed.
260 _aLondon :
_bAdlard Coles,
_c2010.
300 _a296 p.
650 0 _aHeat Transmission
942 _cBK